|
|
|
|
| LEADER |
00000nam a2200000 4500 |
| 008 |
150910b2009 mx a|||| |||| 00| | spa d |
| 020 |
|
|
|a 9786070205804
|
| 090 |
|
|
|a 06.02.01
|b 2271
|
| 100 |
1 |
|
|9 970
|a Didriksson Takayanagui, Axel
|
| 245 |
1 |
6 |
|a De la privatización a la mercantilización de la educación superior /
|c Axel Didriksson Takayanagui; Alma X. Herrera Márquez; Lidia Jaqueline Villafán Aguilar; Bolívar Huerta Martínez; Dante Torres Ríos
|
| 260 |
|
|
|a México :
|b Universidad Nacional Autónoma de México,
|c 2009
|
| 300 |
|
|
|a 155 páginas
|
| 490 |
|
|
|a Educación (Universidad Nacional Autónoma de México)
|
| 650 |
1 |
4 |
|9 1
|a EDUCACIÓN
|
| 650 |
1 |
4 |
|9 971
|a ASPECTOS POLÍTICOS
|
| 650 |
1 |
4 |
|9 972
|a PRIVATIZACIÓN
|
| 650 |
1 |
4 |
|9 973
|a ASPECTOS ECONÓMICOS
|
| 700 |
1 |
|
|9 974
|a Herrera Márquez, Alma X.
|
| 700 |
1 |
|
|9 975
|a Villafán Aguilar, Lidia Jaqueline
|
| 700 |
1 |
|
|9 976
|a Huerta Martínez, Bolívar
|
| 700 |
1 |
|
|9 977
|a Torres Ríos, Dante
|
| 942 |
|
|
|i 004052
|h 06.02.01 2271
|2 z
|c 01
|
| 999 |
|
|
|c 2861
|d 2861
|